Jargon du tennis de table - Statistiques

Statistiques générales
  • Ce quiz a été pris 118 fois
    115 depuis la dernière actualisation
  • Le résultat moyen est 17 sur 32
Statistiques - réponses
Description Réponse % Correct
Se déroule en 11 points Set
96%
Interruption de jeu (chaque joueur en possède un par match) Temps-mort
76%
Raquette sans les revêtements Bois
71%
Service gagnant, non touché par l'adversaire Ace
70%
Hiérarchie indiquant le niveau d'un compétiteur Classement
69%
Défaite contre un joueur moins bien classé Contre (contre-perf)
69%
Cri de victoire d'un pongiste Cho !
68%
Renvoi de la balle avec le bord de la raquette Tranche
64%
Type de revêtement lisse, insensible à l'effet adverse Anti-top
63%
Coup utilisé pour annuler l'effet d'un topspin Bloc
63%
Type de prise de raquette de Félix Lebrun, Dang Qiu, Xia Lian Ni... Porte-plume
63%
Balle jouée du côté gauche pour un droitier, droit pour un gaucher Revers
63%
Coup joué du côté droit pour un droitier (gauche pour un gaucher) Coup-droit
60%
Victoire contre un joueur mieux classé Perf
60%
Balle touchant le filet lors du service et qui retombe du côté adverse, en français balle à remettre Let | Net
59%
Coup joué sous la table, imprimant un gros effet latéral, visant à surprendre/confondre l'adversaire | coup signature d'Adam Bobrow Snake
58%
Type de revêtement à picots courts et larges Soft
56%
Effet entraînant une rotation arrière de la balle Coupé
55%
Balle touchant un bord de table ou le filet, point chanceux Gratte
54%
Jeu en balle coupée courte Poussette
50%
Coup d'attaque joué à plat Claque | Frappe
48%
Balle passant à côté ou en dessous du côté du filet et rasant la demi-table adverse Roulette
46%
Revêtement de raquette Plaque
45%
Manche décisive dans un match Belle
43%
Entre deux sets ou pendant un temps-mort, discussion entre le joueur et le coach établissant la stratégie à suivre Coaching
43%
Coup d'attaque joué au-dessus de la surface de la table avec un mouvement du poignet Flip
41%
Revêtement dont les picots sont tournés vers l'intérieur Backside
40%
Indicateur de scores Marqueur
39%
Matériel délimitant l'aire de jeu et empêchant les balles de partir trop loin Séparation
35%
Coup de défense coupée Chop
31%
Remise avec un effet latéral Banane | Fraise | Virgule
24%
Renvoi de balle courte et rebondissant peu Amorti
20%
Aucun quiz correspondant
Distribution des résultats
% des personnes avec chaque résultat
Percentile par nombre de réponses
Votre historique - résultats
Vous n’avez pas pris ce quiz depuis la dernière actualisation